NHL Forwards by Picture - Statistics

General Stats
  • This quiz has been taken 137 times
  • The average score is 13 of 16
Answer Stats
Picture Answer % Correct
Sidney Crosby
99%
Alexander Ovechkin
97%
Connor McDavid
97%
Wayne Gretzky
97%
Gordie Howe
94%
Patrick Kane
93%
Mario Lemieux
92%
Jaromir Jagr
90%
Steven Stamkos
87%
Anze Kopitar
84%
Jarome Iginla
75%
Brett Hull
74%
Patrick Marleau
73%
Maurice Richard
72%
Henrik Zetterberg
63%
Willie O'Ree
47%
No matching quizzes found
Score Distribution
Percent of People with Each Score
Percentile by Number Answered
Your Score History
You have not taken this quiz